000 00849cam a22002173a 4500
001 7221
003 PGUSA
005 20140828083142.0
008 050101s2005||||xxu|||||s|||||000 | eng d
040 _aPGUSA
_beng
042 _adc
245 1 0 _a文淵閣四庫全書
_h[electronic resource] /
_cVarious
260 _bProject Gutenberg,
_c2005
505 0 _a鄧析子 = Deng Xi Zi / Deng Xi -- 鬼谷子 = Gui Gu Zi / Wang Xu -- 尉繚子 = Wei Liao Zi / Wei Liao -- 人物志 = Ren Wu Zhi / Liu Shao -- 公孫龍子 = Gong Sun Long Zi / Gong Sun Long -- 三略 = San Lue / Huang Shi Gong -- 竹齋集 = Zhu Zhai Ji / Wang Mian.
506 _aPublic domain in the USA.
516 _aElectronic text
740 0 _aWen yuan ge Si ku quan shu
830 0 _aProject Gutenberg
_v7221
856 4 0 _uhttp://www.gutenberg.org/ebooks/7221
942 _cEB
999 _c236541
_d236541